| 000 | 00671cam a2200253 4500 | ||
|---|---|---|---|
| 001 | 3607773 | ||
| 003 | PILC | ||
| 005 | 20160217121201.0 | ||
| 008 | 701120s1970 nyu 000 1 eng | ||
| 010 | _a 72122880 | ||
| 040 |
_aDLC _cDLC _dDLC |
||
| 050 | 0 | 0 |
_aPZ 3 _a.C27405 1970 |
| 082 |
_aFIC _bC27d 1970 |
||
| 100 | 1 |
_aCassill, R. V. _q(Ronald Verlin), _d1919-2002. _920057 |
|
| 245 | 1 | 0 |
_aDoctor cobb's game _cR. V. Cassill. |
| 260 |
_aNew York : _bBantam Books, _cc1970. |
||
| 300 |
_a533 p. : _c18 cm. |
||
| 350 | _a$7.95 | ||
| 500 | _aA novel. | ||
| 906 |
_a7 _bcbc _corignew _d2 _encip _f19 _gy-gencatlg |
||
| 942 |
_2lcc _cBK |
||
| 999 |
_c11377 _d11377 |
||